000 00445nam a2200181Ia 4500
001 15953
005 20260306170233.0
008 260306t2021||||xx |||||||||||||| ||und||
041 _aESP
082 _a620.86
_bC28 2021
100 _aCaro Paccini, Eliana
_eAUT
245 0 _aManual de seguridad y salud en el trabajo
260 _c2021
300 _a381 páginas :
_c25 cm.
650 _aGEN
654 _aCII
942 _cLIB
_dJUS
_fJUS
_2ddc
_n
999 _c15953
_d15953